Laser physics / (رقم التسجيلة. 25974)

تفاصيل مارك
000 -الفاتح
حقل البيانات ثابتة الطول 03340cam a2200457 a 4500
001 - رقم الضبط
رقم الضبط 16243917
003 - محدد رقم الضبط
رقم الضبط OSt
005 - وقت وتاريخ اخر تعامل مع التسجيلة
رقم الضبط 20150408114100.0
008 - عناصر البيانات ثابتة الطول - معلومات عامة
حقل البيانات ثابتة الطول 100520s2010 enka b 001 0 eng
010 ## - رقم ضبط مكتبة الكونجرس
رقم ضبط مكتبة الكونجرس 2010019282
015 ## - رقم الببليوجرافية الوطنية
رقم الببليوجرافية الوطنية GBB072314
المصدر bnb
016 7# - رقم ضبط الوكاله الوطنية للضبط الببليوجرافي
رقم ضبط التسجيلة 015577579
المصدر Uk
020 ## - الرقم الدولى المعيارى للكتب
الرقم الدولى المعيارى للكتاب 9780198506928 (pbk.)
020 ## - الرقم الدولى المعيارى للكتب
الرقم الدولى المعيارى للكتاب 0198506929 (pbk.)
020 ## - الرقم الدولى المعيارى للكتب
الرقم الدولى المعيارى للكتاب 9780198506911
020 ## - الرقم الدولى المعيارى للكتب
الرقم الدولى المعيارى للكتاب 0198506910
035 ## - رقم ضبط النظام
رقم ضبط النظام (OCoLC)ocn631744417
040 ## - مصدر الفهرسة
وكالة الفهرسة الأصلية DLC
وكالة النسخ DLC
وكالة التعديل YDX
-- UKM
-- YDXCP
-- CDX
-- MNW
-- DLC
050 00 - رقم طلب مكتبة الكونجرس
رقم التصنيف QC688
رقم المادة .H66 2010
082 00 - رقم تصنيف ديوى العشرى
رقم التصنيف 621.366
رقم الطبعة 22
رقم المادة HSL
100 1# - المدخل الرئيسى - إسم شخصى
الإسم الشخصى Hooker, Simon,
التواريخ المصاحبة للاسم 1965-
9 (RLIN) 17297
245 10 - بيان العنوان
العنوان Laser physics /
بيان المسئوليه,etc Simon Hooker and Colin Webb.
260 ## - PUBLICATION, DISTRIBUTION, ETC. (IMPRINT)
مكان الناشر او الموزع Oxford ;
-- New York :
اسم الناشر او الموزع Oxford University Press,
تاريخ النشر أو التوزيع 2010.
300 ## - الوصف المادى
التعداد xv, 586 p. :
تفاصيل ماديه اخرى للوعاء ill. ;
أبعاد الوعاء 26 cm.
490 1# - بيان السلسلة
عنوان السلسلة Oxford master series in physics. Atomic, optical, and laser physics ;
رقم المجلد/ التعيين التسلسلي 9
504 ## - تبصرة ببليوجرافية
تبصرة ببليوجرافية,الخ Includes bibliographical references (p. [563]-578) and index.
505 0# - تبصرة محتويات-الفهرس
تبصرة المحتويات المصاغة Introduction -- The interaction of radiation and matter -- Broadening mechanisms and lineshapes -- Light amplification by the stimulated emission of radiation -- Gain saturation -- The laser oscillator -- Solid-state lasers -- Dynamic cavity effects -- Semiconductor lasers -- Fibre lasers -- Atomic gas lasers -- Infra-red molecular gas lasers -- Ultraviolet molecular gas lasers -- Dye lasers -- Non-linear frequency conversion -- Precision frequency control of lasers -- Ultrafast lasers -- Short-wavelength lasers -- Appendix A: The semi-classical theory of the interaction of radiation and matter -- Appendix B: The spectral Einstein coefficients -- Appendix C: Kleinman's conjecture.
520 ## - التبصرة الخاصة بالتعليق أو التلخيص
ملخص,الخ The interaction of radiation and matter, and the principles of laser operation are treated at a level suitable for fourth-year undergraduate courses or introductory graduate courses in physics, chemistry, or engineering. The factors which determine efficiency, wavelength coverage, output power, and beam quality of the different classes of laser are treated both in terms of fundamental theory and practical construction aspects. Details of established types of solid-state, semiconductor, and gas lasers are examined together with the techniques that enable their output to be converted widely across the spectrum. The latest advances in high poser fibre lasers, femtosecond lasers, and X-ray lasers are explained. The test is liberally illustrated with more than 300 diagrams. An extensive bibliography is provided, together with numerical problems in each chapter.
650 #0 - المدخل الاضافى بالموضوع-مصطلح موضوعى
مصطلح موضوعي أو اسم جغرافي كعنصر مدخل Lasers.
9 (RLIN) 4620
650 #0 - المدخل الاضافى بالموضوع-مصطلح موضوعى
مصطلح موضوعي أو اسم جغرافي كعنصر مدخل Optics.
650 #0 - المدخل الاضافى بالموضوع-مصطلح موضوعى
مصطلح موضوعي أو اسم جغرافي كعنصر مدخل Light.
700 1# - المدخل الاضافى - اسم شخصى
الإسم الشخصى Webb, Colin E.,
التواريخ المصاحبة للاسم 1937-
9 (RLIN) 17298
830 #0 - المدخل الاضافى بالسلسلة -عنوان موحد
عنوان موحد Oxford master series in physics ;
رقم المجلد/ التعيين التسلسلي 9.
9 (RLIN) 17299
830 #0 - المدخل الاضافى بالسلسلة -عنوان موحد
عنوان موحد Oxford master series in physics.
اسم جزء/قسم العمل Atomic, optical, and laser physics.
9 (RLIN) 8913
856 41 - الوصول و الموقع الالكترونى
مواد محددة Table of contents only
معرف المصدر الموحد <a href="http://www.loc.gov/catdir/enhancements/fy1108/2010019282-t.html">http://www.loc.gov/catdir/enhancements/fy1108/2010019282-t.html</a>
856 42 - الوصول و الموقع الالكترونى
مواد محددة Publisher description
معرف المصدر الموحد <a href="http://www.loc.gov/catdir/enhancements/fy1108/2010019282-d.html">http://www.loc.gov/catdir/enhancements/fy1108/2010019282-d.html</a>
856 42 - الوصول و الموقع الالكترونى
مواد محددة Contributor biographical information
معرف المصدر الموحد <a href="http://www.loc.gov/catdir/enhancements/fy1108/2010019282-b.html">http://www.loc.gov/catdir/enhancements/fy1108/2010019282-b.html</a>
906 ## - عنصر بيانات محلى F, LDF (RLIN)
a 7
b cbc
c orignew
d 1
e ecip
f 20
g y-gencatlg
942 ## - عناصر المدخل الإضافي( كوها)
مصدر التصنيف او مخطط الترفيف Dewey Decimal Classification
Koha [default] item type DVD
المقتنيات
حالة الفقد نموذج السعر الفعال حالة تلف ليس للاعارة رقم الطلب تاريخ الاكتساب الموقع الحالي الباركود الفرع الرئيسي Date last seen نوع المادة فى نظام كوها مصدر التصنيف او خطة الترفيف Total Checkouts
  2013-03-10     621.366 HSL 2012-09-19 المكتبة المركزية بالمجمعة (CL) 00400041 المكتبة المركزية بالمجمعة (CL) 2013-03-10 كتاب Dewey Decimal Classification  
  2013-03-10     621.366 HSL 2012-12-26 المكتبة المركزية بالمجمعة (CL) 00401127 المكتبة المركزية بالمجمعة (CL) 2013-03-10 كتاب Dewey Decimal Classification  
  2013-03-10     621.366 HSL 2012-12-26 المكتبة المركزية بالمجمعة (CL) 00401126 المكتبة المركزية بالمجمعة (CL) 2013-03-10 كتاب Dewey Decimal Classification  
  2017-08-04     621.366 HSL 2017-08-04 مكتبة كلية التربية بالزلفى - طالبات (EZF) 00656292 مكتبة كلية التربية بالزلفى - طالبات (EZF) 2017-08-04 كتاب Dewey Decimal Classification  
  2017-08-04     621.366 HSL 2017-08-04 مكتبة كلية التربية بالزلفى - طالبات (EZF) 00656293 مكتبة كلية التربية بالزلفى - طالبات (EZF) 2017-08-04 كتاب Dewey Decimal Classification  
  2017-08-04     621.366 HSL 2017-08-04 مكتبة مجمع الكليات بالزلفى - طلاب (SZM) 00656404 مكتبة مجمع الكليات بالزلفى - طلاب (SZM) 2017-08-04 كتاب Dewey Decimal Classification  
  2017-08-04     621.366 HSL 2017-08-04 مكتبة مجمع الكليات بالزلفى - طلاب (SZM) 00656405 مكتبة مجمع الكليات بالزلفى - طلاب (SZM) 2017-08-04 كتاب Dewey Decimal Classification